Countries of the World by Pictures - Quiz - Statistics

General Stats
  • This quiz has been taken 43 times
  • The average score is 62 of 196
Answer Stats
Picture Answer % Correct
India
94%
Japan
94%
North Korea
94%
United States of America
94%
Germany
78%
Italy
78%
Russia
78%
Greece
72%
Nepal
72%
South Korea
72%
United Kingdom
72%
Brazil
67%
Cambodia
67%
China
67%
Denmark
67%
Egypt
67%
Hungary
67%
Jordan
67%
Netherlands
67%
Australia
61%
Cuba
61%
Ecuador
61%
Finland
61%
Guatemala
61%
Mexico
61%
Panama
61%
Vietnam
61%
Singapore
56%
Malaysia
50%
Maldives
50%
Mongolia
50%
Paraguay
50%
Switzerland
50%
Tanzania
50%
Cameroon
44%
Canada
44%
France
44%
Ireland
44%
Israel
44%
Madagascar
44%
Portugal
44%
South Africa
44%
Spain
44%
Suriname
44%
The Bahamas
44%
Turkmenistan
44%
Vatican City
44%
Botswana
39%
Burundi
39%
Kenya
39%
New Zealand
39%
Norway
39%
Sudan
39%
Armenia
33%
Bahrain
33%
Barbados
33%
Bhutan
33%
Iran
33%
Laos
33%
Monaco
33%
Morocco
33%
Myanmar
33%
Namibia
33%
South Sudan
33%
Thailand
33%
Togo
33%
Tuvalu
33%
United Arab Emirates
33%
Uruguay
33%
Zimbabwe
33%
Afghanistan
28%
Albania
28%
Argentina
28%
Azerbaijan
28%
Chile
28%
Colombia
28%
Costa Rica
28%
Eswatini
28%
Guinea
28%
Haiti
28%
Iceland
28%
Kyrgyzstan
28%
Mali
28%
Malta
28%
Marshall Islands
28%
Mauritius
28%
Nigeria
28%
Papua New Guinea
28%
Peru
28%
Poland
28%
San Marino
28%
Senegal
28%
Slovenia
28%
Sri Lanka
28%
Taiwan
28%
Uganda
28%
Austria
22%
Bolivia
22%
Croatia
22%
Czechia
22%
Dominica
22%
El Salvador
22%
Estonia
22%
Indonesia
22%
Libya
22%
Lithuania
22%
Luxembourg
22%
Niger
22%
Qatar
22%
Romania
22%
Samoa
22%
Saudi Arabia
22%
Slovakia
22%
Sweden
22%
Tonga
22%
Trinidad and Tobago
22%
Tunisia
22%
Turkey
22%
Venezuela
22%
Yemen
22%
Algeria
17%
Andorra
17%
Angola
17%
Antigua and Barbuda
17%
Bangladesh
17%
Belarus
17%
Belgium
17%
Belize
17%
Benin
17%
Bosnia and Herzegovina
17%
Brunei
17%
Bulgaria
17%
Burkina Faso
17%
Cabo Verde
17%
Central African Republic
17%
Chad
17%
Comoros
17%
Côte d'Ivoire
17%
Cyprus
17%
Democratic Republic of the Congo
17%
Djibouti
17%
Dominican Republic
17%
Equatorial Guinea
17%
Eritrea
17%
Ethiopia
17%
Fiji
17%
Gabon
17%
Georgia
17%
Ghana
17%
Grenada
17%
Guinea-Bissau
17%
Guyana
17%
Honduras
17%
Iraq
17%
Jamaica
17%
Kazakhstan
17%
Kiribati
17%
Kosovo
17%
Kuwait
17%
Latvia
17%
Lebanon
17%
Lesotho
17%
Liberia
17%
Liechtenstein
17%
Malawi
17%
Mauritania
17%
Micronesia
17%
Moldova
17%
Montenegro
17%
Mozambique
17%
Nauru
17%
Nicaragua
17%
North Macedonia
17%
Oman
17%
Pakistan
17%
Palau
17%
Philippines
17%
Republic of the Congo
17%
Rwanda
17%
Saint Lucia
17%
Saint Vincent and the Grenadines
17%
São Tomé and Príncipe
17%
Serbia
17%
Seychelles
17%
Sierra Leone
17%
Solomon Islands
17%
Somalia
17%
St Kitts and Nevis
17%
Syria
17%
Tajikistan
17%
The Gambia
17%
Timor-Leste
17%
Ukraine
17%
Uzbekistan
17%
Vanuatu
17%
Zambia
17%
No matching quizzes found
Score Distribution
Percent of People with Each Score
Percentile by Number Answered
Your Score History
You have not taken this quiz